000 00865nam a2200241 a 4500
001 000039023
003 DO-SdBNP
005 20250714110029.0
008 130513s2001 dr a r 000 0 spa d
020 _a9993430250
040 _aDO-SdBNP
_bspa
_cBNPHU
082 _axxxx
_bxxxx
110 2 _aBanco Central de la República Dominicana
_983405
245 1 0 _aCatálogo de la sala filatélica /
_ctexto Danilo A. Mueses.
260 _aSanto Domingo :
_bBanco Central de la República Dominicana,
_c2001.
300 _a79 p. :
_bil. ;
_c29 cm.
490 1 _aBanco Central de la República Dominicana
_v33
_aFilatelia y numismática
_v6
500 _aTexto a dos columnas
590 _aInventariado, 2019/BT
700 1 _aMueses, Danilo A.
_962046
830 0 _aBanco Central de la República Dominicana
_n33
_pFilatelia y numismática
_n6
_965268
942 _2ddc
_cLBS1
999 _c38513
_d38513